BIBLIOTECA

SENCICO

FISICA con ejercicios. Volumen 1 (Registro nro. 614)

Detalles MARC
000 -LEADER
fixed length control field 00551nam a2200229Ia 4500
005 - DATE AND TIME OF LATEST TRANSACTION
control field 20251020182443.0
008 - FIXED-LENGTH DATA ELEMENTS--GENERAL INFORMATION
fixed length control field 200515s9999 xx 000 0 und d
020 ## - INTERNATIONAL STANDARD BOOK NUMBER
International Standard Book Number 84-8390-969-3
082 ## - DEWEY DECIMAL CLASSIFICATION NUMBER
Classification number 53/P52/1
100 ## - MAIN ENTRY--PERSONAL NAME
Personal name Piaggio Henderson, Miguel
245 #0 - TITLE STATEMENT
Title FISICA con ejercicios. Volumen 1
250 ## - EDITION STATEMENT
Edition statement 2a ed.
260 ## - PUBLICATION, DISTRIBUTION, ETC.
Place of publication, distribution, etc. Lima
260 ## - PUBLICATION, DISTRIBUTION, ETC.
Name of publisher, distributor, etc. Pontificia Universidad Católica del Perú
260 ## - PUBLICATION, DISTRIBUTION, ETC.
Date of publication, distribution, etc. 1994
300 ## - PHYSICAL DESCRIPTION
Extent 345 p.
300 ## - PHYSICAL DESCRIPTION
Other physical details graf.
500 ## - GENERAL NOTE
General note 1 ejemplar. Volumen 1
650 ## - SUBJECT ADDED ENTRY--TOPICAL TERM
Topical term or geographic name entry element FISICA
942 ## - ADDED ENTRY ELEMENTS (KOHA)
Koha item type Libros
Existencias
Fecha de la última vez que lo usaron Pago total Signatura topográfica completa Código de barras Precio efectivo desde Tipo de documento Estado perdido Estado dañado No es para préstamo Retirado Ubicación permanente Ubicación actual Fecha de adquisición
15/05/2020   53/P52/1 Bib-Lima15050614 15/05/2020 Libros         Biblioteca Central Lima Biblioteca Central Lima 15/05/2020